| 000 | 00000nam 2200000zi 4500 |
| 001 | 9.912297 |
| 003 | CaOODSP |
| 005 | 20250912114108 |
| 006 | m o d f |
| 007 | cr mn||||||||| |
| 008 | 220615e20211202onc ob f000 0 eng d |
| 040 | |aCaOODSP|beng|erda|cCaOODSP |
| 043 | |an-cn--- |
| 086 | 1 |aRv55-8/2-5-11-2021E-PDF |
| 245 | 00|aGuidelines for commercial air carriers for the processing of prescribed traveller information. |
| 250 | |a[December 2, 2021 edition]. |
| 264 | 1|aOttawa : |bCanada Border Services Agency = Agence des services frontaliers du Canada, |cDecember 2, 2021. |
| 300 | |a1 online resource (16 pages). |
| 336 | |atext|btxt|2rdacontent |
| 337 | |acomputer|bc|2rdamedia |
| 338 | |aonline resource|bcr|2rdacarrier |
| 490 | 1 |aMemorandum, |x2369-2391 ; |vD2-5-11 |
| 500 | |aIssued also in French under title: Lignes directrices à l'intention des transporteurs aériens commerciaux pour le traitement des renseignements réglementaires relatifs aux voyageurs. |
| 500 | |a"Superseded Memorandum D, D2-5-11, August 21, 2020." |
| 504 | |aIncludes bibliographical references. |
| 520 | |a"This memorandum outlines the Canada Border Services Agency's (CBSA) requirements and administrative policies regarding the provision of prescribed Advance Passenger Information (API) for inbound flights and Air Exit Information for outbound flights to and from Canada, and Passenger Name Record (PNR) information for inbound flights, with respect to persons on board or expected to be on a conveyance coming to or departing from Canada by commercial air carriers"--In brief. |
| 650 | 0|aAirlines|xPassenger lists|zCanada. |
| 650 | 0|aAirline passenger security screening|zCanada. |
| 710 | 2 |aCanada Border Services Agency, |eissuing body. |
| 775 | 08|tLignes directrices à l'intention des transporteurs aériens commerciaux pour le traitement des renseignements réglementaires relatifs aux voyageurs.|w(CaOODSP)9.912298 |
| 794 | |tGuidelines for commercial air carriers for the processing of prescribed traveller information.|b[April 14, 2025 edition]|w(CaOODSP)9.955231 |
| 795 | |tGuidelines for commercial air carriers for the processing of prescribed traveller information.|b[August 21, 2020 edition]|w(CaOODSP)9.901654 |
| 830 | #0|aMemorandum (Canada Border Services Agency)|vD2-5-11.|w(CaOODSP)9.816825 |
| 856 | 40|qPDF|s375 KB|uhttps://publications.gc.ca/collections/collection_2022/asfc-cbsa/Rv55-8-2-5-11-2021-eng.pdf |